000 01488nam a2200361Ia 4500
001 vtls003241251
003 MY-SjTCS
005 20200226115527.0
006 m u
007 cr cn|||||||||
008 121009s2010 nyu sb s001 0 eng d
010 _z2009-033540
020 _z9781438431413 (alk. paper)
020 _z9781438431420 (pbk. : alk. paper)
020 _z9781438431437
035 _a(OCoLC)794698965
035 _a(CaPaEBR)ebr10574117
039 9 _y201210090939
_zwilmina
040 _aCaPaEBR
_cCaPaEBR
050 1 4 _aHQ1410
_b.A35 2010eb
082 0 4 _a305.42089/96073
_222
245 0 0 _aAfrican Americans doing feminism
_h[electronic resource] :
_bputting theory into everyday practice /
_cedited by Aaronette M. White.
260 _aAlbany :
_bState University of New York (SUNY) Press,
_cc2010.
300 _aix, 303 p.
504 _aIncludes bibliographical references and index.
533 _aElectronic reproduction.
_bPalo Alto, Calif. :
_cebrary,
_d2011.
_nAvailable via World Wide Web.
_nAccess may be limited to ebrary affiliated libraries.
650 0 _aFeminism
_zUnited States
_xHistory.
650 0 _aAfrican American feminists
_xHistory.
655 7 _aElectronic books.
_2local
700 1 _aWhite, Aaronette M.
710 2 _aebrary, Inc.
_925628
856 4 0 _uhttps://ezproxy.taylors.edu.my/login?url=http://site.ebrary.com/lib/taylorscollege/Doc?id=10574117
_zAn electronic book accessible through the World Wide Web; click to view
999 _c149642